Guess the kpop idol! - Statistics

General Stats
  • This quiz has been taken 196 times
  • The average score is 8 of 16
Answer Stats
Picture Answer % Correct
Jay
80%
Winter
73%
Lia
72%
Jun
68%
Eunchae
66%
Gdragon
60%
Rei
59%
Haneul
49%
Yunho
47%
J
36%
Jiwoo
32%
Woonhak
31%
Yujin
30%
Renjun
22%
Winwin
20%
Kyungmin
12%
No matching quizzes found
Score Distribution
Percent of People with Each Score
Percentile by Number Answered
Your Score History
You have not taken this quiz